|
|
|
|
| LEADER |
01279nam a22002657a 4500 |
| 001 |
44487 |
| 003 |
BD-DhAAL |
| 005 |
20250826125044.0 |
| 008 |
250721r20002000bg ||||| |||| 00| 0 ben d |
| 020 |
|
|
|a 9844830397
|
| 040 |
|
|
|a BD-DhAAL
|c BD-DhAAL
|
| 041 |
|
|
|a ben
|
| 082 |
|
|
|a 891.44372
|2 23
|
| 100 |
|
|
|a ইকবাল, মুহম্মদ জাফর.
|
| 245 |
|
|
|a জলজ /
|c মুহম্মদ জাফর ইকবাল.
|
| 260 |
|
|
|a ঢাকা :
|b দিব্য প্রকাশ,
|c ২০০০ [চতুর্থ মুদ্রণ ২০০০].
|
| 300 |
|
|
|a ৯৩ পৃষ্ঠা ;
|c ২২ সে.মি.
|
| 500 |
|
|
|a প্রথম প্রকাশ
|
| 541 |
|
|
|a Donated by Farhana Zahir, Assistant Professor, BRAC Business School
|e 44487
|
| 650 |
|
|
|a Science fiction, Bengali.
|9 58796
|
| 650 |
|
|
|a Bengali literature.
|
| 852 |
|
|
|a Ayesha Abed Library
|c General Stacks
|
| 942 |
|
|
|2 ddc
|c BK
|
| 999 |
|
|
|c 47329
|d 47329
|
| 952 |
|
|
|0 0
|1 0
|2 ddc
|4 0
|6 891_443720000000000_IQB
|7 0
|9 77875
|a BRACUL
|b BRACUL
|c GEN
|d 2025-07-21
|e Donated by Farhana Zahir, Assistant Professor, BRAC Business School
|g 65.00
|l 2
|o 891.44372 IQB
|p 3010044487
|q 2026-06-02
|r 2026-05-18
|s 2026-05-18
|t 1
|v 130.00
|w 2025-07-21
|y BK
|x Donated by Farhana Zahir, Assistant Professor, BRAC Business School
|